| 000 | 01057cam a22003017a 4500 | ||
|---|---|---|---|
| 999 |
_c6560 _d6560 |
||
| 001 | 13119679 | ||
| 003 | OSt | ||
| 005 | 20200203102219.0 | ||
| 008 | 980825s1999 enka b 001 0 eng | ||
| 010 | _a 2003428940 | ||
| 020 | _a9780340983447 | ||
| 035 | _a(OCoLC)ocm40752857 | ||
| 040 |
_aUKM _cDDC _dUKM _dC#P _dOCL _dMUQ _dDLC |
||
| 082 | 0 | 4 | _a150.072 Coo 2009. |
| 100 | 1 |
_aCoolican, Hugh. _95175 |
|
| 245 | 1 | 0 | _aResearch Methods and Statistics in Psychology |
| 250 | _a5th ed. | ||
| 260 |
_aLondon; _bHodder Education. _c2009 |
||
| 300 |
_aix,703p _bill. ; _c25 cm. |
||
| 504 | _aIncludes Appendix,l references and index. | ||
| 650 | 0 |
_aPsychology _95176 |
|
| 650 | 0 |
_aResearch methods _95177 |
|
| 856 | 4 | 2 |
_3Publisher description _uhttp://www.loc.gov/catdir/enhancements/fy0637/2003428940-d.html |
| 856 | 4 | 1 |
_3Table of contents only _uhttp://www.loc.gov/catdir/enhancements/fy0637/2003428940-t.html |
| 906 |
_a7 _bcbc _ccopycat _d2 _encip _f20 _gy-gencatlg |
||
| 942 |
_2z _cO_SHELF |
||